00745nam a2200217Ia 4500003000900000008004100009020001800050040001600068080001700084100002300101245009000124260004100214300001300255650004100268650002800309650002300337700002700360942000700387999001500394952011800409IN-BaIIA211028s9999 xx 000 0 eng d a0-444-86717-1 cIIA Library a535.338bMIL aMiller, T A913925 0aMolecular ionsbSpectroscopy structure and chemistrycT. A. Miller and V. E. Bondybey aAmsterdambStandard Book Depotc1983 axi,278p. aAstronomy and Astrophysics Thesaurus aMolecular physics91914 aSpectroscopy91535 aBondybey, V. E.913926 cBK c8301d8301 00104070aBANbBANcGENd1985-06-11g475.00l0o535.338/ MILp9145r2021-11-05v475.00w1985-06-11yBKGRs. 475